| 000 | 00344nam a2200145Ia 4500 | ||
|---|---|---|---|
| 005 | 20251222140112.0 | ||
| 008 | 251222s1900||||xx |||||||||||||| ||spa|| | ||
| 020 | _a9788496611658 | ||
| 082 | _a141.5/D68Q | ||
| 100 | _aDías, Carlos | ||
| 245 | 0 | _a¿Qué es el Personalismo Comunitario? | |
| 250 | _a5a.ed. | ||
| 264 | _bMounier | ||
| 942 | _cLIB | ||
| 999 |
_c4359 _d4359 |
||